Biblioteca

Man (Registro nro. 36992)

Detalles MARC
000 -LÍDER
Campo fijo de descripción fija 00975aam a2200277 4500
001 - NÚMERO DE CONTROL
Campo de control 6726
003 - IDENTIFICADOR DEL NÚMERO DE CONTROL
Campo de control CO-MdFUSB
005 - FECHA Y HORA DE LA ULTIMA TRANSACCIÓN
control field 20190202100515.0
008 - ELEMENTOS DE LONGITUD FIJA -- INFORMACIÓN GENERAL
Campo fijo de descripción fija -- Información general 170609t1974 xxu||||f |||| 00| 0 eng d
020 ## - NÚMERO INTERNACIONAL NORMALIZADO PARA LIBROS
Número Internacional Normalizado del libro 0-8006-1066-0
040 ## - FUENTE DE CATALOGACIÓN
Agencia de catalogación original CO-MdFUSB
Idioma de catalogación spa
Agencia que realiza la transcripción CO-MdFUSB
Agencia que realiza la modificación CO-MdFUSB
Convenciones de la descripción rda
041 0# - CÓDIGO DE IDIOMA
Código de idioma para texto/pista de sonido o título separado eng
082 04 - NÚMERO DE CLASIFICACIÓN DECIMAL DEWEY
Número de clasificación G 260.09
Número de la edición del Dewey 24
Clave de autor-Numero de item M729m
100 1# - ASIENTO PRINCIPAL--NOMBRE PERSONAL
Nombre personal Moltmann, Jürgen
Término relacionador autor
245 10 - TÍTULO
Título del Material Man
Parte restante del título - Subtitulo : Christian anthropology in the conflicts of the present
Mención de responsabilidad, etc. / Jürgen Moltmann ; John Sturdy, Traductor
264 #1 - PRODUCCIÓN, PUBLICACIÓN, DISTRIBUCIÓN, MANUFACTURA, Y COPYRIGHT
Lugar de producción, publicación, distribución, manufactura Philadelphia, PA., USA :
Nombre del productor, publicador, distribuidor Fortress;
Fecha de producción, publicación, distribución, manufactura, o copyright ℗[1974]
264 #4 - PRODUCCIÓN, PUBLICACIÓN, DISTRIBUCIÓN, MANUFACTURA, Y COPYRIGHT
Fecha de producción, publicación, distribución, manufactura, o copyright ©1974
300 ## - DESCRIPCIÓN FÍSICA
Extensión 124 Paginas
Otros detalles físicos :
Dimensiones ;
336 ## - TIPO DE CONTENIDO
Fuente rdacontent
Término de tipo de contenido
Código de tipo de contenido
337 ## - TIPO DE MEDIO
Fuente rdamedia
Nombre del tipo de medio
Código del tipo de medio
338 ## - TIPO DE SOPORTE
Fuente rdacarrier
Nombre del tipo de soporte
Código Tipo de soporte
505 ## - NOTA DE CONTENIDO
Nota de contenido con formato preestablecido 1. ¿Qué es el hombre? -- 2. El humanismo en una sociedad industrial -- 3. Imágenes del hombre y experimentos -- 4. El hombre y el hijo del hombre -- Notas
650 #0 - ASIENTO SECUNDARIO DE MATERIA - TERMINO TEMÁTICO
Término temático o nombre geográfico como elemento de entrada Teología práctica
9 (RLIN) 180
942 ## - TIPO DE MATERIAL (KOHA)
Tipo de Item KOHA Libros General
Existencias
Estado de Material Estado de Perdido Estado de Dañado No para Préstamo Colección Tomo Biblioteca de Origen Biblioteca Permanente Fecha de Adquisición Total de Préstamos Signatura Topográfica Código de Barras Última vez visto Ejemplar/Existencia Fecha de Remplazo Tipo de Material
        Colección General   Biblioteca FUSBC Biblioteca FUSBC 04/01/2005   G 260.09 M729m 5626 12/12/2019 1 26/01/2016 Libros General

Biblioteca FUSBC | Teléfono: (57+4) 349 88 10 Ext. 141| WhatsApp (+57) 3005338115 
E-mail: biblioteca@unisbc.edu.co | Calle 76 87-14 Robledo Palenque, Medellín, Colombia

Con tecnología Koha